| 000 | | | 04235nmc2a2200000 x 450 |
| 001 | | | b6213081-1e46-488a-a009-fee9ecfaa6a3 |
| 005 | | | 20170113135253.0 |
| 100 | ## | $a | 20140512l18291829k l0rusy0189 ca |
| 101 | 0# | $a | rus |
| 102 | ## | $a | RU |
| 200 | 1# | $a | Дело о передаче Вейсенштейнскому уездному училищу Эстляндской губернии занятого им участка церковной земли |
| | $j | 17 мая - 26 ноября 1829 г. |
| 251 | ## | $c | Дело |
| 300 | ## | $a | Дело |
| 300 | ## | $a | Ориг. заголовок дела: Дело по отношению Департамента духовных дел относительно церковной земли, занятой уездным училищем в городе Вейсенштейне. 17 мая 1824 г. - 26 ноября 1824 г |
| 801 | #0 | $a | RU |
| | $b | РГИА |
| | $c | 20140512 |
| | $g | RCR |
| 801 | #1 | $a | RU |
| | $b | ГлавНИВЦ |
| | $c | 20140512 |
| | $2 | rusmarc |
| 801 | #2 | $a | RU |
| | $b | ПБ им. Б.Н. Ельцина |
| | $c | 20170113 |
| | $g | RCR |
| | $2 | rusmarc |
| 850 | ## | $a | РГИА |
| 852 | ## | $a | РГИА |
| | $e | Федеральное казенное учреждение "Российский государственный исторический архив" (РГИА) |
| | $j | 376 |
| 937 | ## | $h | РГИА |
| | $d | 11174777 |
| | $a | ASBIBLIO_SCAN |
| 462 | #0 | $1 | 0015faafd89-1df2-4e8f-a0ba-1d8a620713c6 |
| | $1 | 2001 |
| | $a | Дела Департамента народного просвещения по Дерптскому учебному округу за 1802-1836 гг. |
| | $1 | 251 |
| | $c | Опись |
| | $1 | 852 |
| | $j | 56 |
| 461 | #0 | $1 | 001a74412a3-3cc5-4d21-8f0a-dfe2fbd9e72d |
| | $1 | 2001 |
| | $a | Департамент народного просвещения Министерства народного просвещения (1803-1917) |
| | $1 | 251 |
| | $c | Фонд |
| | $1 | 852 |
| | $j | 733 |
| 215 | ## | $a | 17 л. |
| | $d | 36,5х26 см |
| 371 | ## | $a | Документ не является опубликованным и широко распространяемым |
| 105 | ## | $a | y### |
| 122 | 2# | $a | d |
| 517 | 1# | $a | Дело по отношению Департамента духовных дел относительно церковной земли, занятой уездным училищем в городе Вейсенштейне. 17 мая 1824 г. - 26 ноября 1824 г |
| 035 | ## | $a | b6213081-1e46-488a-a009-fee9ecfaa6a3 |
| 856 | ## | $u | http://readingroom.main.prlib.ru/item.aspx?id_node=n94252443&mode=full |